Nordiques Quiz - Statistics

General Stats
  • This quiz has been taken 4 times
  • The average score is 12 of 15
Answer Stats
Hint Answer % Correct
Who did the Nordiques beat in their second Stanley Cup Finals? Colorado Avalanche
100%
Who scored the game winning goal of Game 7 against the Bruins? Colton Sissons
100%
Lastly, What Quebec Nordique attended Quinnipiac University? Connor Clifton
100%
What is the name of the Quebec Nordiques Owner/Coach? DJ Reagan
100%
Who Leads the Quebec Nordiques In All Time Penalty Minutes? Mo Seider
100%
What is considered MANDATORY every time the Cap scores? Salute
100%
Who has more all time Nordiques goals? The Duche or The Duke The Duche
100%
Who Leads the Quebec Nordiques In All Time Points? Trevor Zegras
100%
What was the Quebec Nordiques win song for the second finals run? Uptown Girl
100%
Who did the Nordiques beat in their first Stanley Cup Finals? Vancouver Canucks
100%
If I remember correctly, Who scored the first ever Quebec Nordiques goal? Ty Smith
67%
Fill in the Missing Player
Line 1: Connor Clifton, Mo Seider Line 2: MISSING, Sebastian Aho
Line 3: Ty Smith, Timo Myers
Alexander Romanov
33%
Who ASSISTED the game winning goal of Game 7 against the Bruins? Alexandre Texier
33%
Who is the shortest tenured Quebec Nordique? Johnny Gaudreau
33%
Who are the longest tenured Nordiques (Use Name, Name) Sam Reinhart, Connor Clifton
0%
No matching quizzes found
Score Distribution
Percent of People with Each Score
Percentile by Number Answered
Your Score History
You have not taken this quiz